Регионална библиотека "Любен Каравелов" - Русе

Нормален изглед MARC изглед
  • Драматичен театър "Сава Огнянов" - Русе

Вход 02. Организация (Колективен автор)

Брой записи, използвани в: 0

001 - Контролен номер на записа

  • Контролно поле: 471280

003 - Код на организацията, даваща контролен номер

  • Контролно поле: BLK

005 - Дата и час на последна промяна на записа

  • Контролно поле: 20220309090721.0

008 - Данни с фиксирана дължина – обща информация

  • Данни с фиксирана дължина : 220309|| aca||aabn | a|a d

110 ## - НАИМЕНОВАНИЕ НА КОЛЕКТИВЕН ОРГАН -ПЪРВИЧНА ИНТЕЛЕКТУАЛНА ОТГОВОРНОСТ

  • Название на организация или юридическо име като основно описание: Драматичен театър "Сава Огнянов" - Русе
  • Версия: Народен театър "Сава Огнянов"

942 ## - Системна служебна употреба

  • Koha auth type: CORPO_NAME
Vip Innovations Ltd, Rousse, Bulgaria 2025